| 000 | 01115nam a2200265 a 4500 | ||
|---|---|---|---|
| 001 | 445618 | ||
| 003 | NUST - PNEC | ||
| 005 | 20170116181145.0 | ||
| 008 | 830901s1983 ohua b 100 0 eng | ||
| 010 | _a 82073608 | ||
| 020 | _a0871701537 | ||
| 040 | _cLIBRARY | ||
| 050 | 0 | 0 |
_aTA479.S7 _bA76 1981 |
| 082 | 0 | 0 |
_a672.3 KHA _219 |
| 100 |
_914950 _aKhare, Ashok K. |
||
| 245 | 1 | 0 |
_aFerritic steels for high-temperature applications : _bproceedings of an ASM International Conference on Production, Fabrication, Properties, and Application of Ferritic Steels for High-Temperature Applications, Warren, Pennsylvania, 6-8 October 1981 / _csponsored by ASM N.W. Pennsylvania Chapter and ASM Technical Divisions ; edited by Ashok K. Khare. |
| 260 |
_aMetals Park, Ohio : _bAmerican Society for Metals, _cc1983. |
||
| 300 |
_ax, 334 p. : _bill. ; _c24 cm. |
||
| 650 | 0 |
_aFerritic steel _xME |
|
| 700 | 1 | _aKhare, Ashok K. | |
| 710 | 2 |
_aAmerican Society for Metals. _bN.W. Pennsylvania Chapter. |
|
| 710 | 2 | _aAmerican Society for Metals. | |
| 906 |
_a7 _bcbc _corignew _d2 _eopcn _f19 _gy-gencatlg |
||
| 942 |
_2ddc _cBK |
||
| 999 |
_c70673 _d70673 |
||